| 000 | 00511nam a2200157 a 4500 | ||
|---|---|---|---|
| 001 | 000032209 | ||
| 005 | 20240301141636.0 | ||
| 008 | 110713s1907 dr r 000 0 spa d | ||
| 040 |
_aDO-SdBNP _bspa _cBNPHU |
||
| 082 |
_axxxx _bM896d |
||
| 100 | 1 |
_a Moscoso Puello, F. E., _q (Francisco Eujenio) _d1885-1959 _958361 |
|
| 245 | 1 | 0 |
_aDiscurso del cinematicismo / _cF. Eugenio Moscoso Puello. |
| 260 |
_aSanto Domingo : _bLa cuna de América, _c1907. |
||
| 300 |
_a81 p. ; _c25 cm. |
||
| 590 | _aInventariado, 2018/LP | ||
| 999 |
_c31700 _d31700 |
||